Cene Prevc - quiz wielokrotnego wyboru - Statystyki

Ogólne statystyki
  • Ten quiz został rozwiązany 13 razy
    8 od ostatniego zresetowania
  • Średni wynik to 8 z 10
Statystyki odpowiedzi
Zagadnienie Odpowiedź % Poprawnych
Kiedy urodził się Cene Prevc? 1996
100%
Prawda/Fałsz. Cene Prevc nigdy nie wygrał zawodów Pucharu Świata indywidualnie. Prawda
100%
Jaki jest rekord życiowy Cene Prevca? 246,0 m
86%
Jaki jest jego jedyny medal olimpijski? Srebrny drużynowy
86%
Gdzie urodził się Cene Prevc? W Kranju
86%
Kiedy Cene Prevc zakończył (przerwał) karierę, aby skupić się na studiach? 2022
71%
W którym z tych języków potrafi porozumiewać się Cene Prevc? (oprócz angielskiego i słoweńskiego) Niemiecki
71%
Który z jego braci miał lub ma na swoim koncie rekord świata w długości skoku narciarskiego? Obaj
71%
Jakie ważne juniorskie wydarzenie wygrał Cene Prevc w 2013? Olimpijski festiwal młodzieży Europy
71%
W jakiej miejscowości pierwszy raz stanął na podium Pucharu Świata? Willingen
29%
Nie znaleziono quizów pasujących do podanych kryteriów
Rozkład punktacji
Procent ludzi z każdym wynikiem
Percentyl według liczby udzielonych odpowiedzi
Twoja historia wyników
Nie rozwiązałeś tego quizu od ostatniego zresetowania